|
|
|
|
| LEADER |
00000nam a2200000 i 4500 |
| 001 |
DIGUAZUAY0117 |
| 003 |
NyNyDIG |
| 007 |
cr ||||||||||| |
| 008 |
260114s2021 ec a ob 000 0 spa d |
| 006 |
m o d |
| 035 |
|
|
|a (OCoLC)1569883511
|
| 040 |
|
|
|a DGITA
|b eng
|e rda
|e pn
|c DGITA
|
| 020 |
|
|
|a 9789942847171
|q eBook
|
| 020 |
|
|
|z 9789942847164
|
| 043 |
|
|
|a s-ec---
|
| 050 |
1 |
4 |
|a R764 ebook
|
| 100 |
1 |
|
|a Ochoa Parra, Marcelo,
|e author.
|
| 245 |
1 |
0 |
|a Hacia una educación médica basada en competencias :
|b fundamento e implementación en los programas de especialidades médicas de la Universidad del Azuay /
|c Marcelo Ochoa Parra.
|
| 264 |
|
1 |
|a Cuenca, Ecuador :
|b Universidad del Azuay, Casa Editora,
|c [2021]
|
| 300 |
|
|
|a 1 online resource :
|b illustrations.
|
| 336 |
|
|
|a text
|b txt
|2 rdacontent
|
| 337 |
|
|
|a computer
|b c
|2 rdamedia
|
| 338 |
|
|
|a online resource
|b cr
|2 rdacarrier
|
| 347 |
|
|
|a text file
|2 rdaft
|
| 347 |
|
|
|b PDF
|
| 490 |
1 |
|
|a Natura
|
| 504 |
|
|
|a Includes bibliographical references.
|
| 588 |
0 |
|
|a Online resource; title from PDF title page (Digitalia, viewed January 14, 2026)
|
| 650 |
|
0 |
|a Medical education
|z Ecuador.
|
| 650 |
|
0 |
|a Medicine
|x Study and teaching (Higher)
|z Ecuador.
|
| 610 |
2 |
0 |
|a Universidad del Azuay.
|b Facultad de Medicina.
|
| 791 |
2 |
|
|a Digitalia (Firm),
|e distributor.
|
| 793 |
0 |
|
|g Digitalia eBook Collection:
|a Universidad del Azuay
|
| 776 |
0 |
8 |
|i Print version:
|a Ochoa Parra, Marcelo.
|t Hacia una educación médica basada en competencias.
|d Cuenca, Ecuador : Universidad del Azuay, Casa Editora, [2021]
|z 9789942847164
|
| 830 |
|
0 |
|a Natura (Universidad del Azuay, Casa Editora)
|
| 856 |
4 |
0 |
|3 Digitalia Hispánica
|u https://www.digitaliapublishing.com/a/133501/
|
| 910 |
|
|
|a Premium collection: 2026
|